The Smurfs - Sudden Death - Statistics

General Stats
  • This quiz has been taken 2,129 times
  • The average score is 7 of 15
Answers on the Grid
Answers color-coded by a green-red scale on the quiz's grid according to % correct below.
Annoying Smurf
Brainy Smurf
Clumsy Smurf
Cupid Smurf
Different Smurf
Dizzy Smurf
Farmer Smurf
Goth Smurf
Greedy Smurf
Grouchy Smurf
Handy Smurf
Hefty Smurf
Hippy Smurf
Hipster Smurf
Hyperactive Smurf
Important Smurf
Indifferent Smurf
Jokey Smurf
Lazy Smurf
Old Smurf
Painter Smurf
Papa Smurf
Politician Smurf
Punk Smurf
Scaredy Smurf
Smurfette
Soldier Smurf
Tailor Smurf
Vanity Smurf
Viking Smurf
 
Answer Stats
Answer % Correct
Papa Smurf
73%
Brainy Smurf
71%
Smurfette
68%
Clumsy Smurf
67%
Grouchy Smurf
52%
Lazy Smurf
48%
Handy Smurf
42%
Farmer Smurf
37%
Greedy Smurf
36%
Painter Smurf
36%
Jokey Smurf
34%
Vanity Smurf
32%
Hefty Smurf
31%
Scaredy Smurf
30%
Tailor Smurf
18%
No matching quizzes found
Score Distribution
Percent of People with Each Score
Percentile by Number Answered
Your Score History
You have not taken this quiz